000 01186nam a2200265 a 4500
001 000048531
005 20260428073714.0
008 190328s2013 dr 000 0 spa d
020 _a9789945874266
040 _aDO-SdBNP
_bspa
_cBNPHU
082 _aRD863.5
_cC744c
111 2 _aConcurso Literario Letra Natural
_n(3er.
_d2013 :
_cSanto Domingo, República Dominicana)
_975989
245 1 0 _aCuentos ganadores del tercer concurso literario Letra Natural /
_cJean Carlos Navarro Reynoso...[et.al]; ilustración Arlete Espaillat...[et.a.].
260 _aSanto Domingo :
_bFundación Propa-Gas,
_c2013.
300 _a79 p. :
_bils. ;
_c21 cm.
505 0 _aYo soy Nizao/
_rJean Carlos --
_tFeliberto, El valle y la bolsa plástica /
_rFernando Emilio Henríquez --
_t!Seré Recuerdo¡ /
_rMaría Fernanda Gutiérrez Sánchez.
590 _aInventariado, 2019/VM
650 0 _aCuentos dominicanos
_9176
650 0 _aLiteratura dominicana.
_967
650 0 _aPremios literarios
_91542
650 4 _aCertámenes literarios
_91541
700 1 _aNavarro Reynoso, Jean Carlos
_975990
700 1 _aEspaillat, Arlete
_eils.
_975991
710 2 _aFundación Propa-Gas (República Dominicana)
_975992
999 _c48019
_d48019